000
00287nam a2200121Ia 4500
008
191201s2003 xx 000 0 und d
100
_a
SCHWAGER, Jack D
245
0
_a
Stock Market Wizards
260
_a
N. Delhi
_b
Harper Business
_c
2003
300
_a
330
650
_a
NCFM
942
_2
ddc
_c
BK
999
_c
748
_d
748